| 000 | 00438nam a2200169Ia 4500 | ||
|---|---|---|---|
| 001 | 64460 | ||
| 008 | 210323n2020 ii |||gr||||Z||||||465 | ||
| 020 | _a9788131262375 | ||
| 082 | _a342.54 | ||
| 100 |
_aBakshi,PM, _eAuthor. |
||
| 245 | 0 |
_aConstitution of India _cPM Bakshi _hTextual Documents |
|
| 250 | _a17th. | ||
| 260 |
_aHaryana _bLexis Nexis _c2020 |
||
| 300 |
_a582p.: _c24cm. |
||
| 653 | _aConstitution of India | ||
| 942 |
_2ddc _cBK |
||
| 999 |
_c65560 _d65560 |
||